Edmund Burke
Elmentve itt :
| Szerző: | |
|---|---|
| Adatforrás: | Philobibl |
| Dokumentumtípus: | Könyv |
| Nyelv: | magyar |
| Megjelent: |
Bp.
Századvég
2000
|
| LEADER | 00292nam a2200109 c 4500 | ||
|---|---|---|---|
| 001 | bibDOK00019692 | ||
| 005 | 20200924121351.5 | ||
| 008 | 060518s2000 hu hun | ||
| 100 | 1 | |a Molnár Attila Károly | |
| 245 | 1 | 0 | |a Edmund Burke |c Molnár Attila Károly |
| 260 | |a Bp. |b Századvég |c 2000 | ||
| 300 | |a 371 p. p. | ||